[Event "Oberliga Nord W 1819"]
[White "Sanasi, Marcello"]
[Black "Ditze, Thomas"]
[Site "Germany"]
[Round "8.8"]
[Result "0-1"]
[Date "2019.03.24"]
[WhiteElo "1637"]
[BlackElo "1919"]
[PlyCount "118"]
[EventDate "2018.10.21"]
[EventType "team-tourn"]
[EventRounds "9"]
[EventCountry "GER"]
[SourceTitle "EXT 2020"]
[Source "ChessBase"]
[SourceDate "2019.10.17"]
[SourceVersion "1"]
[SourceVersionDate "2019.10.17"]
[SourceQuality "1"]
[WhiteTeam "Hannover"]
[BlackTeam "Tostedt"]
[WhiteTeamCountry "GER"]
[BlackTeamCountry "GER"]

1. Nf3 Nf6 2. g3 g6 3. Bg2 Bg7 4. 0-0 0-0 5. d4 d5 6. c3 b6 7. Nbd2 Bb7 8. Qc2 Nbd7 9. Re1 c5 10. h3 Rc8 11. dxc5 Nxc5 12. Ne5 Qc7 13. Nd3 Nce4 14. Nxe4 dxe4 15. Bf4 exd3 16. Qxd3 e5 17. Bxe5 Qxe5 18. Bxb7 Rc7 19. Bg2 Rd7 20. Qc2 Rfd8 21. Rad1 Qe6 22. b3 Rd6 23. c4 Qd7 24. Rxd6 Qxd6 25. e4 Qd2 26. Re2 Qxc2 27. Rxc2 Rd1+ 28. Kh2 Bf8 29. f4 Bb4 30. e5 Nd7 31. Re2 Nc5 32. Bd5 Rd2 33. Rxd2 Bxd2 34. Kg2 Kf8 35. Kf3 a5 36. Ke2 Bc3 37. g4 g5 38. fxg5 Bxe5 39. Ke3 Bb2 40. Kd2 Ne6 41. h4 Be5 42. g6 hxg6 43. h5 gxh5 44. gxh5 Bd6 45. Ke3 Kg7 46. Bf3 f5 47. Be2 Kh6 48. Bd1 Ng7 49. Kd4 f4 50. Kd5 Bc5 51. Kc6 Nf5 52. a3 Ne3 53. Bf3 Nc2 54. b4 axb4 55. axb4 Nxb4+ 56. Kb5 Nc2 57. Bd1 Nd4+ 58. Ka4 f3 59. Bxf3 Nxf3 0-1

[Event "Hannover-chA"]
[White "Bulmahn, Aaron Aime"]
[Black "Sanasi, Marcello"]
[Site "Lehrte"]
[Round "6"]
[Result "1/2-1/2"]
[Date "2015.10.31"]
[WhiteElo "1414"]
[BlackElo "1579"]
[PlyCount "50"]
[EventDate "2015.10.29"]
[EventType "swiss"]
[EventRounds "7"]
[EventCountry "GER"]
[SourceTitle "EXT 2021"]
[Source "ChessBase"]
[SourceDate "2020.10.23"]
[SourceVersion "1"]
[SourceVersionDate "2020.10.23"]
[SourceQuality "1"]

1. e4 g6 2. Nf3 Bg7 3. Bc4 e6 4. 0-0 Ne7 5. c3 d5 6. exd5 exd5 7. Bb3 0-0 8. d4 c6 9. Bg5 Qc7 10. Nbd2 Bg4 11. h3 Bf5 12. Re1 Be6 13. Bxe7 Qxe7 14. Bc2 Nd7 15. Nb3 a5 16. a4 Rfe8 17. Qd2 h6 18. Re2 Qd6 19. Rae1 Re7 20. Nh2 b6 21. Ng4 Kh7 22. Nc1 Rae8 23. Nd3 Bxg4 24. Rxe7 Rxe7 25. Rxe7 Qxe7 1/2-1/2

[Event "Hannover-chA"]
[White "Kieselbach, Petra"]
[Black "Sanasi, Marcello"]
[Site "Lehrte"]
[Round "4"]
[Result "1/2-1/2"]
[Date "2015.10.30"]
[WhiteElo "1545"]
[BlackElo "1579"]
[PlyCount "59"]
[EventDate "2015.10.29"]
[EventType "swiss"]
[EventRounds "7"]
[EventCountry "GER"]
[SourceTitle "EXT 2021"]
[Source "ChessBase"]
[SourceDate "2020.10.23"]
[SourceVersion "1"]
[SourceVersionDate "2020.10.23"]
[SourceQuality "1"]

1. d4 d5 2. c4 c6 3. e3 e6 4. Nf3 f5 5. Ne5 Nf6 6. c5 Be7 7. b4 0-0 8. Bb2 Nbd7 9. f4 Ne4 10. Be2 Nxe5 11. dxe5 Bh4+ 12. g3 b6 13. Nc3 Be7 14. Nxe4 fxe4 15. Bd4 bxc5 16. Bxc5 Bxc5 17. bxc5 Bd7 18. 0-0 Qe7 19. Qc2 Rab8 20. Rab1 g5 21. Rb3 Rxb3 22. axb3 Be8 23. b4 gxf4 24. gxf4 Kh8 25. Rf2 Qh4 26. Bd1 Rg8+ 27. Kh1 Bg6 28. Qd2 Qh3 29. Rg2 Rd8 30. Bg4 1/2-1/2

[Event "Hannover-chA"]
[White "Brockmann, Marc"]
[Black "Sanasi, Marcello"]
[Site "Lehrte"]
[Round "2"]
[Result "1/2-1/2"]
[Date "2015.10.29"]
[WhiteElo "1458"]
[BlackElo "1579"]
[PlyCount "61"]
[EventDate "2015.10.29"]
[EventType "swiss"]
[EventRounds "7"]
[EventCountry "GER"]
[SourceTitle "EXT 2021"]
[Source "ChessBase"]
[SourceDate "2020.10.23"]
[SourceVersion "1"]
[SourceVersionDate "2020.10.23"]
[SourceQuality "1"]

1. c4 e6 2. Nc3 d5 3. cxd5 exd5 4. d4 c6 5. Qc2 Nf6 6. Bg5 Nbd7 7. Nf3 Bd6 8. e3 0-0 9. Bd3 h6 10. Bh4 Re8 11. 0-0 a6 12. Rab1 b5 13. Ne2 Bb7 14. Bg3 Bxg3 15. Nxg3 Rc8 16. Nd2 c5 17. dxc5 Nxc5 18. Bf5 Ne6 19. Qd1 Re7 20. Nf3 Rec7 21. Nd4 Qe7 22. Nge2 g6 23. Bh3 Rd8 24. Rc1 Ng5 25. Nf4 Nxh3+ 26. Nxh3 Rxc1 27. Qxc1 Rc8 28. Qd1 Ne4 29. Nf4 Qe5 30. Nf3 Qf6 31. Qb1 1/2-1/2

[Event "Hannover-chA"]
[White "Sanasi, Marcello"]
[Black "Mumm, Karen"]
[Site "Lehrte"]
[Round "1"]
[Result "1-0"]
[Date "2015.10.29"]
[WhiteElo "1579"]
[BlackElo "1373"]
[PlyCount "99"]
[EventDate "2015.10.29"]
[EventType "swiss"]
[EventRounds "7"]
[EventCountry "GER"]
[SourceTitle "EXT 2021"]
[Source "ChessBase"]
[SourceDate "2020.10.23"]
[SourceVersion "1"]
[SourceVersionDate "2020.10.23"]
[SourceQuality "1"]

1. d4 Nf6 2. Bg5 e6 3. Nf3 h6 4. Bh4 Be7 5. e3 b6 6. Bd3 Bb7 7. Nbd2 c5 8. c3 cxd4 9. cxd4 Bb4 10. 0-0 0-0 11. Ne4 Be7 12. Bxf6 Bxf6 13. Nd6 Ba6 14. Rc1 Be7 15. Nb5 Nc6 16. a3 Bb7 17. Bb1 a6 18. Nc3 d5 19. Qd3 f5 20. Ne2 a5 21. Nf4 Ba6 22. Qc3 Rc8 23. Qd2 Qd7 24. Rfe1 Bc4 25. Ng6 Rf6 26. Nge5 Nxe5 27. Nxe5 Qb5 28. Bd3 Bd6 29. Nxc4 dxc4 30. Rc3 Qa6 31. Be2 b5 32. Rec1 Rf7 33. b3 Bxa3 34. bxc4 Bxc1 35. Rxc1 Rfc7 36. c5 Qa7 37. Bxb5 a4 38. Qa2 Re7 39. Bc4 Qd7 40. Rb1 Ra8 41. Rb6 Kf7 42. Rd6 Qc8 43. g3 g5 44. h3 Kf6 45. Qa1 Kg7 46. d5+ e5 47. Rc6 Rc7 48. Qxe5+ Kf8 49. Rxc7 Qe8 50. Qg7# 1-0

[Event "Langenhagen-ch op"]
[White "Zweigait, Bjoern"]
[Black "Sanasi, Marcello"]
[Site "Langenhagen"]
[Round "2"]
[Result "1-0"]
[Date "2015.06.06"]
[WhiteElo "1586"]
[BlackElo "1585"]
[PlyCount "45"]
[EventDate "2015.05.23"]
[EventType "swiss"]
[EventRounds "7"]
[EventCountry "GER"]
[SourceTitle "EXT 2021"]
[Source "ChessBase"]
[SourceDate "2020.10.23"]
[SourceVersion "1"]
[SourceVersionDate "2020.10.23"]
[SourceQuality "1"]

1. d4 g6 2. c4 Bg7 3. Bf4 c5 4. e3 cxd4 5. exd4 Qa5+ 6. Nc3 Nc6 7. Nf3 d6 8. a3 Nxd4 9. Nxd4 Bxd4 10. Qxd4 e5 11. Qxd6 exf4 12. 0-0-0 Be6 13. c5 a6 14. Qe5 Rc8 15. Qxh8 Ke7 16. Qd4 Rd8 17. Qxd8+ Qxd8 18. Rxd8 Kxd8 19. Be2 Ne7 20. Rd1+ Kc7 21. Bf3 Bb3 22. Rd4 g5 23. Rb4 1-0

[Event "Hannover Ihme Cup"]
[White "Renner, Kai"]
[Black "Sanasi, Marcello"]
[Site "Hannover"]
[Round "1"]
[Result "1-0"]
[Date "2015.05.08"]
[WhiteElo "2244"]
[BlackElo "1620"]
[PlyCount "93"]
[EventDate "2015.05.08"]
[EventType "swiss"]
[EventRounds "5"]
[EventCountry "GER"]
[SourceTitle "EXT 2021"]
[Source "ChessBase"]
[SourceDate "2020.10.23"]
[SourceVersion "1"]
[SourceVersionDate "2020.10.23"]
[SourceQuality "1"]

1. e4 g6 2. d4 Bg7 3. Nc3 c5 4. dxc5 Bxc3+ 5. bxc3 Qa5 6. Bd2 Qxc5 7. Bd3 Nf6 8. Nf3 Nc6 9. 0-0 0-0 10. Rb1 d6 11. h3 a6 12. a4 Qh5 13. Bf4 Qa5 14. Qd2 Rb8 15. Rfe1 Nd7 16. Nd4 Nxd4 17. cxd4 Qxa4 18. Qc3 Qc6 19. Qb2 Qc7 20. Bh6 Re8 21. Re3 e5 22. f4 exf4 23. Rf3 d5 24. Bxf4 Qd8 25. exd5 Ra8 26. c4 Qa5 27. Rbf1 Re1 28. Bg5 Rxf1+ 29. Rxf1 f6 30. Bxf6 Nxf6 31. Rxf6 Qe1+ 32. Rf1 Qe3+ 33. Qf2 Qxf2+ 34. Rxf2 Bd7 35. Rb2 b5 36. c5 Rc8 37. Be4 a5 38. c6 Be8 39. Rxb5 h5 40. Rxa5 Kf7 41. Ra7+ Kf6 42. Kf2 g5 43. Ke3 g4 44. h4 Rb8 45. d6 Rb3+ 46. Kf4 Bxc6 47. Bxc6 1-0

[Event "Hannover-chB"]
[White "Kieselbach, Petra"]
[Black "Sanasi, Marcello"]
[Site "Lehrte"]
[Round "3"]
[Result "1/2-1/2"]
[Date "2014.10.26"]
[WhiteElo "1544"]
[BlackElo "1575"]
[PlyCount "55"]
[EventDate "2014.10.25"]
[EventType "tourn"]
[EventRounds "7"]
[EventCountry "GER"]
[SourceTitle "EXT 2021"]
[Source "ChessBase"]
[SourceDate "2020.10.23"]
[SourceVersion "1"]
[SourceVersionDate "2020.10.23"]
[SourceQuality "1"]

1. c4 Nf6 2. Nc3 g6 3. e4 d6 4. d3 Bg7 5. g3 0-0 6. Bg2 e5 7. Nge2 a5 8. 0-0 Na6 9. h3 c6 10. a4 Be6 11. Kh2 Qd7 12. Be3 Ne8 13. f4 f6 14. Qd2 Kh8 15. Rad1 f5 16. exf5 gxf5 17. fxe5 dxe5 18. Bh6 Rg8 19. Bxg7+ Qxg7 20. Rg1 Rd8 21. Na2 Bxc4 22. Qxa5 Rxd3 23. Rxd3 Bxd3 24. Nac1 Bxe2 25. Nxe2 Nf6 26. Bxc6 bxc6 27. Qxa6 Qc7 28. Qc4 1/2-1/2

[Event "Hannover-chB"]
[White "Hanemann, Henno"]
[Black "Sanasi, Marcello"]
[Site "Lehrte"]
[Round "2"]
[Result "1-0"]
[Date "2014.10.25"]
[WhiteElo "1706"]
[BlackElo "1575"]
[PlyCount "65"]
[EventDate "2014.10.25"]
[EventType "tourn"]
[EventRounds "7"]
[EventCountry "GER"]
[SourceTitle "EXT 2021"]
[Source "ChessBase"]
[SourceDate "2020.10.23"]
[SourceVersion "1"]
[SourceVersionDate "2020.10.23"]
[SourceQuality "1"]

1. e4 c6 2. f4 d5 3. e5 Bf5 4. d4 e6 5. Nf3 Nh6 6. c4 c5 7. cxd5 exd5 8. Bb5+ Nc6 9. Qa4 Bd7 10. Nc3 cxd4 11. Nxd4 Bb4 12. Nxc6 Bxc3+ 13. bxc3 bxc6 14. Bxc6 Rc8 15. Bxd7+ Qxd7 16. Qb4 Rc4 17. Qb8+ Rc8 18. Qb3 0-0 19. 0-0 Nf5 20. Rd1 Rfd8 21. Rd3 Qc6 22. Ba3 Rb8 23. Qc2 h5 24. Rb1 Rbc8 25. Qd2 Qa4 26. Bd6 Nxd6 27. Rxd5 Qe4 28. Re1 Qc4 29. exd6 g6 30. d7 Rb8 31. Rde5 Kh7 32. Re8 Qc7 33. Qd4 1-0

[Event "Hannover Ihme Cup"]
[White "Celik, Abdullah1"]
[Black "Sanasi, Marcello"]
[Site "Hannover"]
[Round "4"]
[Result "1-0"]
[Date "2014.05.11"]
[WhiteElo "2041"]
[BlackElo "1636"]
[PlyCount "65"]
[EventDate "2014.05.09"]
[EventType "swiss"]
[EventRounds "5"]
[EventCountry "GER"]
[SourceTitle "EXT 2021"]
[Source "ChessBase"]
[SourceDate "2020.10.23"]
[SourceVersion "1"]
[SourceVersionDate "2020.10.23"]
[SourceQuality "1"]

1. e4 c6 2. d4 d5 3. e5 Bf5 4. Nf3 e6 5. Be2 c5 6. 0-0 Nc6 7. c3 Qb6 8. Qa4 Rc8 9. Nbd2 Qa5 10. Qb3 Qc7 11. Re1 c4 12. Qd1 Be7 13. Nf1 b5 14. Ng3 Bg6 15. Bg5 a5 16. Qd2 Qd8 17. h4 h6 18. Bxe7 Ngxe7 19. h5 Bh7 20. Nh4 Nf5 21. Nhxf5 exf5 22. Bf3 0-0 23. Ne2 Ne7 24. Nf4 Re8 25. a4 bxa4 26. Qc2 Rb8 27. Rxa4 Rb5 28. Rea1 Qb8 29. Rxa5 Rxa5 30. Rxa5 f6 31. exf6 Qxf4 32. fxe7 Rxe7 33. Bxd5+ 1-0

[Event "Berlin Spring op-B"]
[White "Kurzweil, Naemi"]
[Black "Sanasi, Marcello"]
[Site "Berlin"]
[Round "6"]
[Result "0-1"]
[Date "2014.05.03"]
[WhiteElo "1275"]
[BlackElo "1611"]
[PlyCount "104"]
[EventDate "2014.05.01"]
[EventType "swiss"]
[EventRounds "7"]
[EventCountry "GER"]
[SourceTitle "CBM 160 Extra"]
[Source "ChessBase"]
[SourceDate "2014.07.01"]
[SourceVersion "1"]
[SourceVersionDate "2014.07.01"]
[SourceQuality "1"]

1. e4 c6 2. d4 d5 3. e5 Bf5 4. Nf3 e6 5. Be2 c5 6. c3 Nc6 7. 0-0 Qb6 8. Nbd2 h6 9. Nh4 Bh7 10. g3 cxd4 11. Ndf3 Nge7 12. cxd4 Nf5 13. Be3 Nxe3 14. fxe3 Be7 15. b3 Rc8 16. Bd3 Bxd3 17. Qxd3 Nb4 18. Qe2 Rc2 19. Qd1 Rxa2 20. Rxa2 Nxa2 21. Qc2 Nb4 22. Qc8+ Bd8 23. Qc5 Qxc5 24. dxc5 Be7 25. Rc1 Kd7 26. Nd4 a6 27. Rf1 Rf8 28. Nhf3 Bxc5 29. Rc1 Bb6 30. h4 f5 31. Kg2 Nc6 32. Rd1 Bc7 33. Kh3 Nxe5 34. Nxe5+ Bxe5 35. h5 Bxd4 36. Rxd4 Rc8 37. Rb4 b5 38. g4 Rc3 39. gxf5 Rxe3+ 40. Kg4 Re4+ 41. Rxe4 dxe4 42. fxe6+ Kxe6 43. Kf4 Kd5 44. Kf5 e3 45. Kg6 e2 46. Kxg7 e1Q 47. Kxh6 Qe6+ 48. Kg5 a5 49. h6 Qxh6+ 50. Kxh6 Kd4 51. Kg5 Kc3 52. Kf4 Kxb3 0-1

[Event "Berlin Spring op-B"]
[White "Sanasi, Marcello"]
[Black "Post, Hugo"]
[Site "Berlin"]
[Round "3"]
[Result "0-1"]
[Date "2014.05.02"]
[WhiteElo "1611"]
[BlackElo "1400"]
[PlyCount "87"]
[EventDate "2014.05.01"]
[EventType "swiss"]
[EventRounds "7"]
[EventCountry "GER"]
[SourceTitle "CBM 160 Extra"]
[Source "ChessBase"]
[SourceDate "2014.07.01"]
[SourceVersion "1"]
[SourceVersionDate "2014.07.01"]
[SourceQuality "1"]

1. d4 Nf6 2. Bf4 d5 3. e3 e6 4. Nf3 Be7 5. Bd3 0-0 6. h3 Nbd7 7. 0-0 c5 8. c3 b6 9. Nbd2 Nh5 10. Bh2 Bb7 11. Ne5 Nhf6 12. a4 a6 13. Rc1 c4 14. Bb1 b5 15. Qc2 Re8 16. a5 g6 17. b4 cxb3 18. Nxb3 Ne4 19. f3 Nd6 20. Nxd7 Qxd7 21. Nc5 Qc6 22. Bxd6 Bxd6 23. Nxb7 Qxb7 24. e4 dxe4 25. fxe4 Rac8 26. Qb3 Rc4 27. Bd3 Ra4 28. Rc2 Rxa5 29. Rcf2 Ra3 30. Qb2 Rf8 31. e5 Be7 32. h4 b4 33. h5 Rxc3 34. Qb1 Kg7 35. Be4 Qc8 36. Kh2 Qc7 37. g3 a5 38. h6+ Kg8 39. d5 Qxe5 40. Rf4 Bd6 41. Kg2 exd5 42. Bxg6 fxg6 43. Qxg6+ hxg6 44. h7+ 0-1

[Event "Hannover-chA"]
[White "Sanasi, Marcello"]
[Black "Glaschak, Joachim"]
[Site "Lehrte"]
[Round "1"]
[Result "1-0"]
[Date "2013.10.17"]
[WhiteElo "1593"]
[BlackElo "1287"]
[PlyCount "110"]
[EventDate "2013.10.17"]
[EventType "swiss"]
[EventRounds "7"]
[EventCountry "GER"]
[SourceTitle "EXT 2021"]
[Source "ChessBase"]
[SourceDate "2020.10.23"]
[SourceVersion "1"]
[SourceVersionDate "2020.10.23"]
[SourceQuality "1"]

1. d4 d5 2. Nf3 Nf6 3. c4 e6 4. Nc3 c6 5. e3 b6 6. Bd3 Bd6 7. 0-0 h6 8. cxd5 Nxd5 9. e4 Nxc3 10. bxc3 0-0 11. Bc2 Ba6 12. Re1 Nd7 13. h3 Re8 14. Nh2 e5 15. Ng4 h5 16. Ne3 g6 17. Qf3 Qf6 18. Qd1 Rad8 19. Nf1 Nf8 20. Be3 Ba3 21. Qd2 Bc5 22. Bg5 Qd6 23. Bxd8 Rxd8 24. Qg5 exd4 25. e5 Ne6 26. Qf6 Qe7 27. cxd4 Qxf6 28. exf6 Bxd4 29. Rad1 Bxf6 30. Rxd8+ Bxd8 31. Bb3 Bc8 32. Rd1 Be7 33. Ne3 Kg7 34. Nc4 c5 35. Ne5 f6 36. Nc6 Kf7 37. Nxa7 Ba6 38. Bd5 Bd6 39. Re1 Be5 40. f4 Bd4+ 41. Kh1 Bb7 42. Bxe6+ Kg7 43. Nb5 Bf2 44. Rd1 Bc6 45. Bc4 Be3 46. Rd6 Bxb5 47. Bxb5 Bxf4 48. Rxb6 Be5 49. a4 Bd4 50. Bc4 f5 51. a5 f4 52. a6 f3 53. gxf3 h4 54. a7 g5 55. a8Q Kh7 1-0

[Event "Langenhagen-ch op"]
[White "Graue, Rainer"]
[Black "Sanasi, Marcello"]
[Site "Langenhagen"]
[Round "3"]
[Result "0-1"]
[Date "2013.08.24"]
[WhiteElo "1023"]
[BlackElo "1595"]
[PlyCount "100"]
[EventDate "2013.06.22"]
[EventType "swiss"]
[EventRounds "7"]
[EventCountry "GER"]
[SourceTitle "EXT 2021"]
[Source "ChessBase"]
[SourceDate "2020.10.23"]
[SourceVersion "1"]
[SourceVersionDate "2020.10.23"]
[SourceQuality "1"]

1. e4 c6 2. Nf3 d5 3. e5 Bf5 4. d4 e6 5. Bd3 Bxd3 6. Qxd3 Qb6 7. c3 c5 8. b3 Nc6 9. Be3 cxd4 10. Nxd4 Nxe5 11. Qb5+ Qxb5 12. Nxb5 Kd7 13. Bxa7 Ne7 14. 0-0 N7c6 15. Be3 Be7 16. Rd1 Bf6 17. Nd4 Ng4 18. Nxc6 Nxe3 19. fxe3 Kxc6 20. a4 Rhd8 21. Ra2 b5 22. a5 b4 23. cxb4 Be7 24. Ra4 Rdb8 25. Rc1+ Kd7 26. Rd1 Rxb4 27. e4 Rxa4 28. bxa4 Bc5+ 29. Kf1 d4 30. Nc3 Rxa5 31. g4 Kc6 32. Ne2 Rxa4 33. Rd3 e5 34. Ke1 Ra1+ 35. Kd2 Bb4+ 36. Kc2 Ra2+ 37. Kd1 Ra1+ 38. Nc1 Ba3 39. Rxa3 Rxa3 40. Ke2 Re3+ 41. Kd2 Rxe4 42. h3 f6 43. Nb3 Re3 44. Nc1 Rxh3 45. Nd3 Rxd3+ 46. Kxd3 Kd5 47. Kd2 Kc4 48. Ke2 e4 49. Kd2 e3+ 50. Ke2 Kc3 0-1

[Event "Hannover Region-ch"]
[White "Sanasi, Marcello"]
[Black "Quasigroch, Peter"]
[Site "Hannover"]
[Round "5"]
[Result "1/2-1/2"]
[Date "2013.04.06"]
[WhiteElo "1522"]
[BlackElo "1525"]
[PlyCount "55"]
[EventDate "2013.01.26"]
[EventType "swiss"]
[EventRounds "7"]
[EventCountry "GER"]
[SourceTitle "EXT 2021"]
[Source "ChessBase"]
[SourceDate "2020.10.23"]
[SourceVersion "1"]
[SourceVersionDate "2020.10.23"]
[SourceQuality "1"]

1. d4 e6 2. c4 Nf6 3. Nf3 d5 4. Nc3 Bb4 5. Bd2 0-0 6. e3 c5 7. cxd5 Nxd5 8. a3 cxd4 9. Nxd4 Nxc3 10. bxc3 Be7 11. Qc2 Nd7 12. Bd3 h6 13. 0-0 Nc5 14. Be2 Bd7 15. Bf3 Qc7 16. a4 a6 17. g3 Rab8 18. a5 b6 19. axb6 Qxb6 20. Rfb1 Qd6 21. e4 Rxb1+ 22. Rxb1 Rb8 23. Ra1 e5 24. Nf5 Bxf5 25. exf5 Nb3 26. Rd1 Nxd2 27. Rxd2 Qb6 28. Kg2 1/2-1/2

[Event "Hannover Region-ch"]
[White "Sanasi, Marcello"]
[Black "Lick, Helmut"]
[Site "Hannover"]
[Round "2"]
[Result "1-0"]
[Date "2013.02.09"]
[WhiteElo "1522"]
[BlackElo "1450"]
[PlyCount "94"]
[EventDate "2013.01.26"]
[EventType "swiss"]
[EventRounds "7"]
[EventCountry "GER"]
[SourceTitle "EXT 2021"]
[Source "ChessBase"]
[SourceDate "2020.10.23"]
[SourceVersion "1"]
[SourceVersionDate "2020.10.23"]
[SourceQuality "1"]

1. d4 Nf6 2. c4 g6 3. g3 Bg7 4. Bg2 0-0 5. Nc3 d6 6. e4 c6 7. Nf3 Nbd7 8. 0-0 e5 9. d5 c5 10. Bg5 h6 11. Bxf6 Nxf6 12. Rb1 b6 13. a3 Bd7 14. h3 Qc8 15. Kh2 Ne8 16. Ng1 f5 17. exf5 gxf5 18. f4 e4 19. Nge2 Qd8 20. Kg1 Nf6 21. b4 Qc7 22. b5 Rae8 23. a4 Kh7 24. Ra1 h5 25. Ra3 Kg6 26. Qe1 Rh8 27. Nd1 Ng4 28. Kh1 Kf7 29. Rg1 Nf6 30. h4 Ng4 31. Bh3 Kg6 32. Bxg4 fxg4 33. Ne3 Bf5 34. Qd2 Qd7 35. a5 Ra8 36. Rb1 Qc7 37. Qa2 Qb7 38. Qc2 Rhe8 39. Nc3 Bxc3 40. Qxc3 Rg8 41. Rba1 Qc7 42. R1a2 Rgf8 43. Qa1 Rab8 44. axb6 Qxb6 45. Rxa7 Rf7 46. Rxf7 Kxf7 47. Nxf5 Kg6 1-0

[Event "Langenhagen-ch op"]
[White "Schmitt, Michael"]
[Black "Sanasi, Marcello"]
[Site "Langenhagen"]
[Round "6"]
[Result "1-0"]
[Date "2012.09.29"]
[WhiteElo "1882"]
[BlackElo "1510"]
[PlyCount "79"]
[EventDate "2012.06.23"]
[EventType "swiss"]
[EventRounds "7"]
[EventCountry "GER"]
[SourceTitle "EXT 2021"]
[Source "ChessBase"]
[SourceDate "2020.10.23"]
[SourceVersion "1"]
[SourceVersionDate "2020.10.23"]
[SourceQuality "1"]

1. e4 c6 2. d4 d5 3. e5 Bf5 4. Nc3 e6 5. g4 Bg6 6. Nge2 Bb4 7. h4 h6 8. Nf4 Bh7 9. Bd3 Bxd3 10. Qxd3 Ne7 11. Nh5 Qb6 12. Nxg7+ Kd7 13. Be3 Na6 14. Nh5 Ng8 15. f4 c5 16. dxc5 Nxc5 17. Bxc5 Qxc5 18. 0-0-0 Bxc3 19. Qxc3 Qb6 20. f5 Rc8 21. Qb3 Qxb3 22. axb3 Ne7 23. Rhf1 Nc6 24. fxe6+ Kxe6 25. Nf4+ Kxe5 26. Nxd5 Nd4 27. Nc3 Nc6 28. Rf5+ Ke6 29. Re1+ Kd7 30. Rxf7+ Kd6 31. Rxb7 Rhe8 32. Rxe8 Rxe8 33. Rh7 Re6 34. Kd2 a5 35. g5 hxg5 36. hxg5 Rg6 37. Rh6 Ne5 38. Ne4+ Kd5 39. Rxg6 Nxg6 40. Ke3 1-0